Di truyền học

Uloženo v:
Podrobná bibliografie
Hlavní autor: Phan Cự Nhân
Médium: Kniha
Tagy: Přidat tag
Žádné tagy, Buďte první, kdo otaguje tento záznam!
Thư viện lưu trữ: Mạng thư viện Đại học Đà Nẵng
LEADER 00687nam a2200217 4500
001 000009068
003 5262
005 20150812140846.0
008 111025s sd
100 0 |a Phan Cự Nhân 
245 0 0 |a Di truyền học  |c Phan Cự Nhân 
774 |a Phan Cự Nhân  |b Tái bản lần 1  |d H.  |d Đại học Sư phạm  |d 2004  |g T.2  |h 307tr.  |w 5267 
774 |a Phan Cự Nhân  |b Tái bản lần 1  |d H.  |d Đại học Sư phạm  |d 2004  |g T.1  |h 324tr.  |w 5260 
OWN |a LSP 
999 |a From the UDN01 
TYP |a Monograph 
TYP |a Printed language 
980 |a Mạng thư viện Đại học Đà Nẵng